| 000 | 00978pam a2200289 a 4500 | ||
|---|---|---|---|
| 008 | |||
| 020 | _a3110136430 (hbk.) | ||
| 049 | _aMAIN | ||
| 090 | 0 |
_aHD2741 _bINS |
|
| 245 | 0 | 0 |
_aInstitutional investors and corporate governance / _cedited by Theodor Baums, Richard M. Buxbaum and Klaus J. Hopt. |
| 260 |
_aBerlin : _bWalter de Gruyter, _c1993. |
||
| 300 |
_axxvii, 695 p. : _bill. ; _c24 cm. |
||
| 504 | _aIncludes bibliographical references. | ||
| 500 | _aIncludes index. | ||
| 650 | 0 |
_aCorporate governance _xCongresses. |
|
| 650 | 0 |
_aInstitutional investments _xCongresses. |
|
| 650 | 0 |
_aDirectors of corporations _xCongresses. |
|
| 650 | 0 |
_aCorporations _xInvestor relations _xCongresses. |
|
| 700 | 1 | _aBaums, Theodor. | |
| 700 | 1 | _aBuxbaum, Richard M. | |
| 700 | 1 | _aHopt, Klaus J. | |
| 907 |
_a.b10324938 _b14-12-12 _c12-12-12 |
||
| 003 | |||
| 005 | 20230123125511.0 | ||
| 040 | _cNUST | ||
| 942 |
_cBOOKS _kHD2741 _mINS |
||
| 999 |
_c142606 _d142606 |
||